| 000 | 00476nam a2200181Ia 4500 | ||
|---|---|---|---|
| 005 | 20250423095706.0 | ||
| 008 | 250422s9999 xx 000 0 und d | ||
| 020 | _a9781032430539 | ||
| 050 | _aRA 410.53 .W47/ | ||
| 100 | _aWest C. Mark | ||
| 245 | 0 | _aImplantable Medical Devices and HealthCare Affordabilty | |
| 260 | _aNew York | ||
| 260 | _bRoutledge | ||
| 260 | _c2023 | ||
| 300 | _axxi, 151p.: | ||
| 650 | _ahealthcare affordability Medical Device | ||
| 942 | _cBK | ||
| 999 |
_c31044 _d31044 |
||